000 00847nam a2200253 a 4500
005 20240315063728.0
008 010615m19952008mx r 000 0 spa d
020 _a9684931840 (1995)
020 _a9687711310 (2008)
035 _aUPN01000108416
049 _aCG
050 4 _aF1234
_bA4.3 1995
100 1 _aAguilar Camín, Héctor,
_d1946-
245 1 0 _aA la sombra de la Revolución Mexicana /
_cHéctor Aguilar Camin, Lorenzo Meyer.
250 _a15a ed.
260 _aMéxico :
_bCal y Arena,
_c1995 (2008 impr.).
300 _a318 p.
590 _a(También localizas un ejemplar en el "Area de Reserva")
590 _aBibliografía Básica (BGTQ)
651 4 _aMéxico
_xHistoria
_yRevolución, 1910-1917
_9223
651 4 _aMéxico
_xHistoria
_ySiglo XIX
_94642
700 1 _aMeyer, Lorenzo,
_d1942-
_ecoaut.
_928980
905 _aLibro
999 _c82328
_d82328